A Course in Speaking and Listening For Colleges/ (Record no. 204661)

MARC details
000 -LEADER
fixed length control field 00699nam a22002177a 4500
005 - DATE AND TIME OF LATEST TRANSACTION
control field 20240731125454.0
008 - FIXED-LENGTH DATA ELEMENTS--GENERAL INFORMATION
fixed length control field 080603t xxu||||| |||| 00| 0 eng d
010 ## - LCCN (DPL NO)
LC control number ENG-140908
020 ## - INTERNATIONAL STANDARD BOOK NUMBER
International Standard Book Number 9788179665169
Terms of availability 160.00
035 ## - SYSTEM CONTROL NUMBER
System control number EN-124440
037 ## - SOURCE OF ACQUISITION
Source of stock number/acquisition DBAD
040 ## - CATALOGING SOURCE
Original cataloging agency DPL
Language of cataloging English
082 ## - DEWEY DECIMAL CLASSIFICATION NUMBER
Classification number 808.5
100 ## - MAIN ENTRY--PERSONAL NAME
Personal name Farhathulla, T M
9 (RLIN) 69125
245 ## - TITLE STATEMENT
Title A Course in Speaking and Listening For Colleges/
Statement of responsibility, etc By T M Farhathulla,
Remainder of title
260 ## - PUBLICATION, DISTRIBUTION, ETC. (IMPRINT)
Place of publication, distribution, etc Chennai
Name of publisher, distributor, etc Emerald Publishers
Date of publication, distribution, etc 2019
270 ## - ADDRESS
Address 15A, First Floor, Case Major Road, Egmore,
City Chennai
Postal code 600008
Telephone number 91-44-28193206
300 ## - PHYSICAL DESCRIPTION
Extent 101p.
Dimensions 24cm(pbk)
Other physical details ill.
490 ## - SERIES STATEMENT
Volume number/sequential designation Vol 1
942 ## - ADDED ENTRY ELEMENTS (KOHA)
Source of classification or shelving scheme Dewey Decimal Classification
Item type English Books
Classification part 808.5
Call number suffix FAR
Holdings
Withdrawn status Lost status Source of classification or shelving scheme Damaged status Not for loan Collection code Home library Current library Date acquired Source of acquisition Cost, normal purchase price Total Checkouts Full call number Barcode Date last seen Copy number Cost, replacement price Koha item type
    Dewey Decimal Classification     Non-fiction Shahdara Branch Shahdara Branch 31/07/2024 DBAD 160.00   808.5 FAR EN-124340 31/07/2024 1 160.00 English Books

© Delhi Public Library
Hit Counter
free hit counter